<?xml version="1.0" encoding="UTF-8"?><marc:collection xmlns:marc="http://www.loc.gov/MARC21/slim">
  <marc:record>
    <marc:leader>04509nas a2200829 c 4500</marc:leader>
    <marc:controlfield tag="001">010005137</marc:controlfield>
    <marc:controlfield tag="003">DE-101</marc:controlfield>
    <marc:controlfield tag="005">20251028051820.0</marc:controlfield>
    <marc:controlfield tag="007">tu</marc:controlfield>
    <marc:controlfield tag="008">991118d19692015gw u||p|  ||| 0||||1ger c</marc:controlfield>
    <marc:datafield tag="016" ind1="7" ind2=" ">
      <marc:subfield code="2">DE-600</marc:subfield>
      <marc:subfield code="a">626-9</marc:subfield>
    </marc:datafield>
    <marc:datafield tag="016" ind1="7" ind2=" ">
      <marc:subfield code="2">DE-101</marc:subfield>
      <marc:subfield code="a">010005137</marc:subfield>
    </marc:datafield>
    <marc:datafield tag="022" ind1=" " ind2=" ">
      <marc:subfield code="a">0004-6361</marc:subfield>
    </marc:datafield>
    <marc:datafield tag="022" ind1=" " ind2=" ">
      <marc:subfield code="a">0004-6361</marc:subfield>
      <marc:subfield code="2">6</marc:subfield>
    </marc:datafield>
    <marc:datafield tag="030" ind1=" " ind2=" ">
      <marc:subfield code="a">AAEJA</marc:subfield>
    </marc:datafield>
    <marc:datafield tag="035" ind1=" " ind2=" ">
      <marc:subfield code="a">(DE-599)ZDB626-9</marc:subfield>
    </marc:datafield>
    <marc:datafield tag="035" ind1=" " ind2=" ">
      <marc:subfield code="a">(OCoLC)611989298</marc:subfield>
    </marc:datafield>
    <marc:datafield tag="040" ind1=" " ind2=" ">
      <marc:subfield code="a">9001</marc:subfield>
      <marc:subfield code="b">ger</marc:subfield>
      <marc:subfield code="c">DE-101</marc:subfield>
      <marc:subfield code="d">9001</marc:subfield>
    </marc:datafield>
    <marc:datafield tag="041" ind1=" " ind2=" ">
      <marc:subfield code="a">ger</marc:subfield>
      <marc:subfield code="a">eng</marc:subfield>
      <marc:subfield code="a">fre</marc:subfield>
    </marc:datafield>
    <marc:datafield tag="042" ind1=" " ind2=" ">
      <marc:subfield code="a">zdb</marc:subfield>
    </marc:datafield>
    <marc:datafield tag="044" ind1=" " ind2=" ">
      <marc:subfield code="c">XA-DE</marc:subfield>
    </marc:datafield>
    <marc:datafield tag="082" ind1="7" ind2="4">
      <marc:subfield code="a">520</marc:subfield>
      <marc:subfield code="q">DE-600</marc:subfield>
      <marc:subfield code="2">22sdnb</marc:subfield>
    </marc:datafield>
    <marc:datafield tag="084" ind1=" " ind2=" ">
      <marc:subfield code="a">29</marc:subfield>
      <marc:subfield code="a">520</marc:subfield>
      <marc:subfield code="a">530</marc:subfield>
      <marc:subfield code="q">DE-101</marc:subfield>
      <marc:subfield code="2">sdnb</marc:subfield>
    </marc:datafield>
    <marc:datafield tag="084" ind1=" " ind2=" ">
      <marc:subfield code="a">16,12</marc:subfield>
      <marc:subfield code="2">ssgn</marc:subfield>
    </marc:datafield>
    <marc:datafield tag="084" ind1=" " ind2=" ">
      <marc:subfield code="a">UA 1000</marc:subfield>
      <marc:subfield code="a">US 1090</marc:subfield>
      <marc:subfield code="2">rvk</marc:subfield>
    </marc:datafield>
    <marc:datafield tag="084" ind1=" " ind2=" ">
      <marc:subfield code="a">PHY 900z</marc:subfield>
      <marc:subfield code="a">PHY 903z</marc:subfield>
      <marc:subfield code="2">stub</marc:subfield>
    </marc:datafield>
    <marc:datafield tag="084" ind1=" " ind2=" ">
      <marc:subfield code="a">20</marc:subfield>
      <marc:subfield code="a">20</marc:subfield>
      <marc:subfield code="q">DE-101</marc:subfield>
      <marc:subfield code="2">sswd</marc:subfield>
    </marc:datafield>
    <marc:datafield tag="210" ind1="0" ind2="0">
      <marc:subfield code="a">Astron. and astrophys.</marc:subfield>
    </marc:datafield>
    <marc:datafield tag="210" ind1="0" ind2="0">
      <marc:subfield code="a">Astron. Astrophys.</marc:subfield>
    </marc:datafield>
    <marc:datafield tag="210" ind1="0" ind2="0">
      <marc:subfield code="a">Astron. Astrophys. (West Germany)</marc:subfield>
    </marc:datafield>
    <marc:datafield tag="222" ind1=" " ind2="0">
      <marc:subfield code="a">Astronomy &amp; astrophysics</marc:subfield>
      <marc:subfield code="b">Berlin. Print</marc:subfield>
    </marc:datafield>
    <marc:datafield tag="245" ind1="0" ind2="0">
      <marc:subfield code="a">Astronomy &amp; astrophysics</marc:subfield>
      <marc:subfield code="c">European Southern Observatory, ESO. Ed.-in-chief S. R. Pottasch [u.a.]</marc:subfield>
    </marc:datafield>
    <marc:datafield tag="246" ind1="1" ind2="3">
      <marc:subfield code="a">Astronomy &amp; astrophysics &lt;Les Ulis&gt;</marc:subfield>
    </marc:datafield>
    <marc:datafield tag="246" ind1="3" ind2=" ">
      <marc:subfield code="a">Astronomy and astrophysics</marc:subfield>
    </marc:datafield>
    <marc:datafield tag="247" ind1="0" ind2="0">
      <marc:subfield code="a">&#152;a&#156; European journal</marc:subfield>
      <marc:subfield code="f">Zusatz bis 2001</marc:subfield>
    </marc:datafield>
    <marc:datafield tag="264" ind1="3" ind2="1">
      <marc:subfield code="a">Les Ulis</marc:subfield>
      <marc:subfield code="b">EDP Sciences</marc:subfield>
      <marc:subfield code="c">[1969-2015]</marc:subfield>
    </marc:datafield>
    <marc:datafield tag="264" ind1="2" ind2="1">
      <marc:subfield code="3">1969-2000</marc:subfield>
      <marc:subfield code="a">Berlin</marc:subfield>
      <marc:subfield code="a">Heidelberg</marc:subfield>
      <marc:subfield code="b">Springer</marc:subfield>
    </marc:datafield>
    <marc:datafield tag="336" ind1=" " ind2=" ">
      <marc:subfield code="a">Text</marc:subfield>
      <marc:subfield code="b">txt</marc:subfield>
      <marc:subfield code="2">rdacontent</marc:subfield>
    </marc:datafield>
    <marc:datafield tag="337" ind1=" " ind2=" ">
      <marc:subfield code="a">ohne Hilfsmittel zu benutzen</marc:subfield>
      <marc:subfield code="b">n</marc:subfield>
      <marc:subfield code="2">rdamedia</marc:subfield>
    </marc:datafield>
    <marc:datafield tag="338" ind1=" " ind2=" ">
      <marc:subfield code="a">Band</marc:subfield>
      <marc:subfield code="b">nc</marc:subfield>
      <marc:subfield code="2">rdacarrier</marc:subfield>
    </marc:datafield>
    <marc:datafield tag="362" ind1="0" ind2=" ">
      <marc:subfield code="a">1.1969 -vol. 584, Part 2 (December 2015)</marc:subfield>
    </marc:datafield>
    <marc:datafield tag="363" ind1="0" ind2="0">
      <marc:subfield code="8">1.1\x</marc:subfield>
      <marc:subfield code="a">1</marc:subfield>
      <marc:subfield code="i">1969</marc:subfield>
    </marc:datafield>
    <marc:datafield tag="363" ind1="1" ind2="0">
      <marc:subfield code="8">1.2\x</marc:subfield>
      <marc:subfield code="a">584</marc:subfield>
      <marc:subfield code="i">2015</marc:subfield>
    </marc:datafield>
    <marc:datafield tag="500" ind1=" " ind2=" ">
      <marc:subfield code="a">2016 fortgesetzt als Online-Ausgabe</marc:subfield>
    </marc:datafield>
    <marc:datafield tag="546" ind1=" " ind2=" ">
      <marc:subfield code="a">Text dt., engl. u. franz.</marc:subfield>
    </marc:datafield>
    <marc:datafield tag="555" ind1="8" ind2=" ">
      <marc:subfield code="a">Index 71/128.1979/83=129.1983; 130/207.1984/88=212.1989; 208/280.1989/93=286.1994,Suppl.</marc:subfield>
    </marc:datafield>
    <marc:datafield tag="583" ind1="1" ind2=" ">
      <marc:subfield code="3">1.1969 - 1974, 1979 - 1982</marc:subfield>
      <marc:subfield code="a">Massenentsäuert</marc:subfield>
      <marc:subfield code="c">2019</marc:subfield>
      <marc:subfield code="5">DE-7</marc:subfield>
      <marc:subfield code="2">pdager</marc:subfield>
    </marc:datafield>
    <marc:datafield tag="591" ind1=" " ind2=" ">
      <marc:subfield code="a">89!(08-06-16)</marc:subfield>
    </marc:datafield>
    <marc:datafield tag="650" ind1=" " ind2="7">
      <marc:subfield code="0">(DE-588)4003311-9</marc:subfield>
      <marc:subfield code="0">https://d-nb.info/gnd/4003311-9</marc:subfield>
      <marc:subfield code="0">(DE-101)040033112</marc:subfield>
      <marc:subfield code="a">Astronomie</marc:subfield>
      <marc:subfield code="9">rswk-swf</marc:subfield>
      <marc:subfield code="2">gnd</marc:subfield>
    </marc:datafield>
    <marc:datafield tag="650" ind1=" " ind2="7">
      <marc:subfield code="0">(DE-588)4003326-0</marc:subfield>
      <marc:subfield code="0">https://d-nb.info/gnd/4003326-0</marc:subfield>
      <marc:subfield code="0">(DE-101)040033260</marc:subfield>
      <marc:subfield code="a">Astrophysik</marc:subfield>
      <marc:subfield code="9">rswk-swf</marc:subfield>
      <marc:subfield code="2">gnd</marc:subfield>
    </marc:datafield>
    <marc:datafield tag="655" ind1=" " ind2="7">
      <marc:subfield code="0">(DE-588)4067488-5</marc:subfield>
      <marc:subfield code="0">https://d-nb.info/gnd/4067488-5</marc:subfield>
      <marc:subfield code="0">(DE-101)040674886</marc:subfield>
      <marc:subfield code="a">Zeitschrift</marc:subfield>
      <marc:subfield code="2">gnd-content</marc:subfield>
    </marc:datafield>
    <marc:datafield tag="655" ind1=" " ind2="7">
      <marc:subfield code="a">Zeitschrift</marc:subfield>
      <marc:subfield code="9">rswk-swf</marc:subfield>
      <marc:subfield code="2">gnd</marc:subfield>
    </marc:datafield>
    <marc:datafield tag="655" ind1=" " ind2="7">
      <marc:subfield code="a">Zeitschrift</marc:subfield>
      <marc:subfield code="9">rswk-swf</marc:subfield>
      <marc:subfield code="2">gnd</marc:subfield>
    </marc:datafield>
    <marc:datafield tag="689" ind1="0" ind2="0">
      <marc:subfield code="0">(DE-588)4003311-9</marc:subfield>
      <marc:subfield code="0">https://d-nb.info/gnd/4003311-9</marc:subfield>
      <marc:subfield code="0">(DE-101)040033112</marc:subfield>
      <marc:subfield code="D">s</marc:subfield>
      <marc:subfield code="a">Astronomie</marc:subfield>
    </marc:datafield>
    <marc:datafield tag="689" ind1="0" ind2="1">
      <marc:subfield code="A">f</marc:subfield>
      <marc:subfield code="a">Zeitschrift</marc:subfield>
    </marc:datafield>
    <marc:datafield tag="689" ind1="0" ind2=" ">
      <marc:subfield code="5">DE-101</marc:subfield>
      <marc:subfield code="5">DE-101</marc:subfield>
    </marc:datafield>
    <marc:datafield tag="689" ind1="1" ind2="0">
      <marc:subfield code="0">(DE-588)4003326-0</marc:subfield>
      <marc:subfield code="0">https://d-nb.info/gnd/4003326-0</marc:subfield>
      <marc:subfield code="0">(DE-101)040033260</marc:subfield>
      <marc:subfield code="D">s</marc:subfield>
      <marc:subfield code="a">Astrophysik</marc:subfield>
    </marc:datafield>
    <marc:datafield tag="689" ind1="1" ind2="1">
      <marc:subfield code="A">f</marc:subfield>
      <marc:subfield code="a">Zeitschrift</marc:subfield>
    </marc:datafield>
    <marc:datafield tag="689" ind1="1" ind2=" ">
      <marc:subfield code="5">DE-101</marc:subfield>
      <marc:subfield code="5">DE-101</marc:subfield>
    </marc:datafield>
    <marc:datafield tag="710" ind1="2" ind2=" ">
      <marc:subfield code="0">(DE-588)2009892-3</marc:subfield>
      <marc:subfield code="0">https://d-nb.info/gnd/2009892-3</marc:subfield>
      <marc:subfield code="0">(DE-101)004694716</marc:subfield>
      <marc:subfield code="a">European Southern Observatory</marc:subfield>
      <marc:subfield code="e">Herausgebendes Organ</marc:subfield>
      <marc:subfield code="4">isb</marc:subfield>
      <marc:subfield code="2">gnd</marc:subfield>
    </marc:datafield>
    <marc:datafield tag="770" ind1="0" ind2="8">
      <marc:subfield code="i">Supplement</marc:subfield>
      <marc:subfield code="a">Bosscha-Sterrenwacht &lt;Lembang&gt;</marc:subfield>
      <marc:subfield code="t">Annalen van de Bosscha-Sterrenwacht Lembang (Java)</marc:subfield>
      <marc:subfield code="d">Bandoeng : Kleejne, 1925-1975</marc:subfield>
      <marc:subfield code="x">0853-4365</marc:subfield>
      <marc:subfield code="w">(DE-600)9705-6</marc:subfield>
      <marc:subfield code="w">(DE-101)010135235</marc:subfield>
    </marc:datafield>
    <marc:datafield tag="776" ind1="0" ind2="8">
      <marc:subfield code="i">Erscheint auch als</marc:subfield>
      <marc:subfield code="n">Online-Ausgabe, 1969-</marc:subfield>
      <marc:subfield code="t">Astronomy and astrophysics</marc:subfield>
      <marc:subfield code="d">Les Ulis : EDP Sciences, 1969-</marc:subfield>
      <marc:subfield code="h">Online-Ressource</marc:subfield>
      <marc:subfield code="x">1432-0746</marc:subfield>
      <marc:subfield code="w">(DE-600)1458466-9</marc:subfield>
      <marc:subfield code="w">(DE-101)019518927</marc:subfield>
    </marc:datafield>
    <marc:datafield tag="780" ind1="0" ind2="5">
      <marc:subfield code="i">Darin aufgegangen</marc:subfield>
      <marc:subfield code="t">Astronomy and astrophysics &lt;Les Ulis&gt; / Supplement series. Supplement series</marc:subfield>
      <marc:subfield code="d">Les Ulis : EDP Sciences, 1970-2000</marc:subfield>
      <marc:subfield code="x">0365-0138</marc:subfield>
      <marc:subfield code="w">(DE-600)627-0</marc:subfield>
      <marc:subfield code="w">(DE-101)010005145</marc:subfield>
    </marc:datafield>
    <marc:datafield tag="780" ind1="0" ind2="0">
      <marc:subfield code="i">Vorg.:</marc:subfield>
      <marc:subfield code="t">Annales d'astrophysique</marc:subfield>
      <marc:subfield code="d">Paris : Service des Publ. du C.N.R.S., 1938-1968</marc:subfield>
      <marc:subfield code="x">0365-0499</marc:subfield>
      <marc:subfield code="w">(DE-600)293-8</marc:subfield>
      <marc:subfield code="w">(DE-101)01000243X</marc:subfield>
    </marc:datafield>
    <marc:datafield tag="780" ind1="0" ind2="0">
      <marc:subfield code="i">Vorg.:</marc:subfield>
      <marc:subfield code="t">Bulletin astronomique</marc:subfield>
      <marc:subfield code="d">Paris : Gauthier-Villars, 1884-1968</marc:subfield>
      <marc:subfield code="x">0572-7405</marc:subfield>
      <marc:subfield code="w">(DE-600)1761-9</marc:subfield>
      <marc:subfield code="w">(DE-101)010022945</marc:subfield>
    </marc:datafield>
    <marc:datafield tag="780" ind1="0" ind2="0">
      <marc:subfield code="i">Vorg.:</marc:subfield>
      <marc:subfield code="t">Bulletin of the astronomical institutes of the Netherlands</marc:subfield>
      <marc:subfield code="d">Haarlem : [Verlag nicht ermittelbar], 1921-1969</marc:subfield>
      <marc:subfield code="x">0365-8910</marc:subfield>
      <marc:subfield code="w">(DE-600)418103-7</marc:subfield>
      <marc:subfield code="w">(DE-101)012332356</marc:subfield>
    </marc:datafield>
    <marc:datafield tag="780" ind1="0" ind2="0">
      <marc:subfield code="i">Vorg.:</marc:subfield>
      <marc:subfield code="t">Journal des observateurs</marc:subfield>
      <marc:subfield code="d">Marseille : [Verlag nicht ermittelbar], 1917-1968</marc:subfield>
      <marc:subfield code="x">0368-3389</marc:subfield>
      <marc:subfield code="w">(DE-600)410690-8</marc:subfield>
      <marc:subfield code="w">(DE-101)012263524</marc:subfield>
    </marc:datafield>
    <marc:datafield tag="780" ind1="0" ind2="0">
      <marc:subfield code="i">Vorg.:</marc:subfield>
      <marc:subfield code="t">Zeitschrift für Astrophysik</marc:subfield>
      <marc:subfield code="d">Berlin ; Heidelberg [u.a.] : Springer, 1930-1968</marc:subfield>
      <marc:subfield code="x">0372-8331</marc:subfield>
      <marc:subfield code="w">(DE-600)5786-1</marc:subfield>
      <marc:subfield code="w">(DE-101)010080317</marc:subfield>
    </marc:datafield>
    <marc:datafield tag="780" ind1="0" ind2="0">
      <marc:subfield code="i">Vorg.:</marc:subfield>
      <marc:subfield code="t">Arkiv för astronomi</marc:subfield>
      <marc:subfield code="d">Stockholm [u.a.] : Almqvist &amp; Wiksell, 1955-1974</marc:subfield>
      <marc:subfield code="x">0004-2048</marc:subfield>
      <marc:subfield code="w">(DE-600)280334-3</marc:subfield>
      <marc:subfield code="w">(DE-101)01174197X</marc:subfield>
    </marc:datafield>
    <marc:datafield tag="787" ind1="0" ind2="8">
      <marc:subfield code="i">Index 71/128=Index 35/54,3; Index 130/207=Index 55/76; Index 208/280=Index 77/102 von</marc:subfield>
      <marc:subfield code="t">Astronomy and astrophysics &lt;Les Ulis&gt; / Supplement series. Supplement series</marc:subfield>
      <marc:subfield code="d">Les Ulis : EDP Sciences, 1970-2000</marc:subfield>
      <marc:subfield code="x">0365-0138</marc:subfield>
      <marc:subfield code="w">(DE-600)627-0</marc:subfield>
      <marc:subfield code="w">(DE-101)010005145</marc:subfield>
    </marc:datafield>
    <marc:datafield tag="850" ind1=" " ind2=" ">
      <marc:subfield code="a">DE-101a</marc:subfield>
      <marc:subfield code="a">DE-101b</marc:subfield>
    </marc:datafield>
    <marc:datafield tag="889" ind1=" " ind2=" ">
      <marc:subfield code="w">(DE-101)551509988</marc:subfield>
    </marc:datafield>
  </marc:record>
</marc:collection>
